Score 0/10 Timer 01:30
0 Plays Today
Quote Character % Correct
heheh. car cat. that is how i am saying that. beep beep, meow!John Egbert
90.9%
its like, i dont know, a **** pork chop Dave Strider
66.6%
what i do with my legs and how fast I move them is my business, you **** Karkat Vantas
57.7%
im serious as a drive to the **** vet Dave Strider
56.1%
a stupid pointless bunch of wastey wastey wastesVriska Serket
48.8%
its so hard to concentrate while i have to stare at his stupid little shorts! Jade Harley
39.9%
ok, i am putting them back down as not suggestively as possibleJohn Egbert
35.2%
what an inconsiderate knucklesponged **** i have beenSollux Captor
19.3%
Goddamn troll kids. Every time you turn around they're smoochin' each otherSpades Slick
17.5%
yeah i'd say that an **** is the thing that just about what everybody feels like Gamzee Makara
11%
Remove Ads.
Support Sporcle.
Get the best of Sporcle when you Go Orange. This ad-free experience offers more features, more stats, and more fun while also helping to support Sporcle. Thank you for becoming a member.

You're not logged in!

Compare scores with friends on all Sporcle quizzes.
OR
Log In

Show Comments

Extras

Created Jan 14, 2015ReportNominate
Tags:homestuck

Top Quizzes Today


Score Distribution

Your Account Isn't Verified!

In order to create a playlist on Sporcle, you need to verify the email address you used during registration. Go to your Sporcle Settings to finish the process.

Report this User

Report this user for behavior that violates our Community Guidelines.

Details: